Taxmann's project appraisal & management / (Record no. 21622)
[ view plain ]
| 000 -LEADER | |
|---|---|
| fixed length control field | 00612nam a22002177a 4500 |
| 003 - CONTROL NUMBER IDENTIFIER | |
| control field | OSt |
| 008 - FIXED-LENGTH DATA ELEMENTS--GENERAL INFORMATION | |
| fixed length control field | 260316b2021 |||||||| |||| 00| 0 eng d |
| 020 ## - INTERNATIONAL STANDARD BOOK NUMBER | |
| International Standard Book Number | 9789390831951 |
| 082 ## - DEWEY DECIMAL CLASSIFICATION NUMBER | |
| Classification number | 658.404 |
| Item number | AGR-T |
| 100 ## - MAIN ENTRY--PERSONAL NAME | |
| Personal name | Agrawal, Rashmi |
| 245 ## - TITLE STATEMENT | |
| Title | Taxmann's project appraisal & management / |
| Statement of responsibility, etc | Rashmi Agrawal and Yogieta S. Mehra |
| 260 ## - PUBLICATION, DISTRIBUTION, ETC. (IMPRINT) | |
| Place of publication, distribution, etc | New Delhi : |
| Name of publisher, distributor, etc | Taxmann, |
| Date of publication, distribution, etc | 2021. |
| 300 ## - PHYSICAL DESCRIPTION | |
| Extent / Pages | vp. ; |
| 650 ## - SUBJECT ADDED ENTRY--TOPICAL TERM | |
| Topical term or geographic name as entry element | Project management |
| 650 ## - SUBJECT ADDED ENTRY--TOPICAL TERM | |
| Topical term or geographic name as entry element | Project appraisal |
| 650 ## - SUBJECT ADDED ENTRY--TOPICAL TERM | |
| Topical term or geographic name as entry element | Capital Budgeting |
| 650 ## - SUBJECT ADDED ENTRY--TOPICAL TERM | |
| Topical term or geographic name as entry element | Project evaluation |
| 650 ## - SUBJECT ADDED ENTRY--TOPICAL TERM | |
| Topical term or geographic name as entry element | Investment analysis |
| 700 ## - ADDED ENTRY--PERSONAL NAME | |
| Personal name | Mehra, Yogieta S. |
| 942 ## - ADDED ENTRY ELEMENTS (KOHA) | |
| Source of classification or shelving scheme | |
| Koha item type | Books |
| Withdrawn status | Lost status | Source of classification or shelving scheme | Damaged status | Not for loan | Home library | Current library | Date acquired | Source of acquisition | Currency | Cost, normal purchase price | Full call number | Barcode | Date last seen | Copy number | Bill Date | Koha item type | Bill Number |
|---|---|---|---|---|---|---|---|---|---|---|---|---|---|---|---|---|---|
| SOBD Library | SOBD Library | 11/03/2026 | All India Book House | INR | 625.00 | 658.404 AGR-T1 | 008586 | 16/03/2026 | 1 | 11/03/2026 | Reference Books | NA/IN/2160 | |||||
| SOBD Library | SOBD Library | 11/03/2026 | All India Book House | INR | 625.00 | 658.404 AGR-T2 | 008587 | 16/03/2026 | 2 | 11/03/2026 | Books | NA/IN/2160 | |||||
| SOBD Library | SOBD Library | 11/03/2026 | All India Book House | INR | 625.00 | 658.404 AGR-T3 | 008588 | 16/03/2026 | 3 | 11/03/2026 | Books | NA/IN/2160 | |||||
| SOBD Library | SOBD Library | 11/03/2026 | All India Book House | INR | 625.00 | 658.404 AGR-T4 | 008589 | 16/03/2026 | 4 | 11/03/2026 | Books | NA/IN/2160 | |||||
| SOBD Library | SOBD Library | 11/03/2026 | All India Book House | INR | 625.00 | 658.404 AGR-T5 | 008590 | 16/03/2026 | 5 | 11/03/2026 | Books | NA/IN/2160 |